000 00832nam a2200265 i 4500
001 000032224
003 DO-SdBNP
005 20240731110051.0
007 ta
008 110713s1937 dr d 000 0 spa d
040 _aDO-SdBNP
_bspa
_cBNPHU
_erda
082 _bM896c
_222
100 _aMoscoso, R. M
_eautor
_923968
245 1 4 _aLos ciclones /
_cR. M. Moscoso.
264 _aSantiago de los Caballeros, República Dominicana :
_bHelú,
_c1937.
300 _a39 p. :
_bgráf. ;
_c20cm.
490 1 _aVulgarización científica ;
500 _aDedicado por el autor para Martinez Boog.
590 _aInventariado, 2022/ YL
650 4 _aCiclones
_zRepública Dominicana
_982236
650 4 _aHuracanes
_zRepública Dominicana
_953144
830 0 _aVulgarización científica
_958298
910 _aYLockward
942 _2ddc
_cLF2
999 _c31715
_d31715